| 000 | 00620nam a2200217Ia 4500 | ||
|---|---|---|---|
| 003 | OSt | ||
| 005 | 20220927105720.0 | ||
| 006 | a|||||r|||| 00| 0 | ||
| 007 | ta | ||
| 008 | 220926b |||||||| |||| 00| 0 eng d | ||
| 024 | _a203488 | ||
| 037 | _cReference Collections | ||
| 040 |
_aRTL _cRTL _beng |
||
| 041 |
_2eng _aeng |
||
| 082 | _a"X: 8:(S:44), M7" | ||
| 100 |
_aHampton _9374361 |
||
| 245 | 0 | _aOrganizational behavior and the practice of management | |
| 500 | _aBibliography: P 401-07; Glossary: P 391-400 | ||
| 942 |
_h"X: 8:(S:44), M7" _cCC |
||
| 999 |
_c694074 _d694074 |
||